[Event "Porto Sant Elpidio op U16 11th"]
[Site "Porto Sant Elpidio"]
[Date "2008.11.30"]
[Round "5"]
[White "Sagripanti, Francesco"]
[Black "Copponi, Alice"]
[Result "1-0"]
[WhiteElo "1494"]
[BlackElo "1419"]
[PlyCount "93"]
[EventDate "2008.11.22"]
[EventType "tourn"]
[EventRounds "7"]
[EventCountry "ITA"]
[SourceTitle "EXT 2011"]
[Source "ChessBase"]
[SourceDate "2010.11.26"]
[SourceVersion "1"]
[SourceVersionDate "2010.11.26"]
[SourceQuality "1"]

1. e4 e5 2. Nf3 Nc6 3. Bc4 Nf6 4. Nc3 Bb4 5. d3 d6 6. h3 Na5 7. Bb3 Nxb3 8. axb3 0-0 9. 0-0 Be6 10. Be3 b6 11. Ng5 Bd7 12. d4 h6 13. dxe5 dxe5 14. Nf3 Re8 15. Qd3 Bc6 16. Qc4 Bb7 17. Qxb4 c5 18. Qc4 Qc8 19. Rfd1 Ba6 20. Qxa6 Qxa6 21. Rxa6 Reb8 22. Nd5 Nd7 23. Nc7 Nf8 24. Nxa8 Rxa8 25. Nxe5 f6 26. Nd7 Nxd7 27. Rxd7 g5 28. Raxa7 Rc8 29. h4 Kf8 30. hxg5 fxg5 31. Rf7+ Kg8 32. e5 Re8 33. Rae7 Rd8 34. Rg7+ Kh8 35. Rh7+ Kg8 36. Reg7+ Kf8 37. Rh8+ Kxg7 38. Rxd8 Kf7 39. Rd6 b5 40. e6+ Kf6 41. Bxc5 h5 42. Rb6 g4 43. e7+ Kf7 44. Rb8 Kf6 45. Rf8+ Ke5 46. e8Q+ Kd5 47. Rf5# 1-0

[Event "Porto Sant Elpidio op U16 11th"]
[Site "Porto Sant Elpidio"]
[Date "2008.11.23"]
[Round "3"]
[White "Morelli, Anita"]
[Black "Sagripanti, Francesco"]
[Result "0-1"]
[WhiteElo "1374"]
[BlackElo "1494"]
[PlyCount "60"]
[EventDate "2008.11.22"]
[EventType "tourn"]
[EventRounds "7"]
[EventCountry "ITA"]
[SourceTitle "EXT 2011"]
[Source "ChessBase"]
[SourceDate "2010.11.26"]
[SourceVersion "1"]
[SourceVersionDate "2010.11.26"]
[SourceQuality "1"]

1. d4 Nf6 2. c4 e6 3. Nc3 Bb4 4. Qc2 b6 5. Nf3 Bb7 6. Bd2 Bxc3 7. Bxc3 d5 8. b3 Ne4 9. Bb2 Nd7 10. e3 Rc8 11. cxd5 exd5 12. Bd3 Ng5 13. Qe2 Qf6 14. Ba3 Nxf3+ 15. gxf3 c5 16. f4 0-0 17. Qh5 h6 18. Rd1 Rfe8 19. Qf5 Qxf5 20. Bxf5 Re7 21. dxc5 bxc5 22. Bb2 d4 23. Rg1 Rd8 24. Bxd7 Rdxd7 25. Rg3 Ba6 26. f5 f6 27. Kd2 dxe3+ 28. Kc1 Rxd1+ 29. Kxd1 exf2 30. Bxf6 f1Q+ 0-1